Southville International School and Colleges
Your cart is empty.
  • Cart
  • Lists
    Public lists Eva Luna New books Lux_list list_1
    Your lists Log in to create your own lists
  • Log in to your account
  • Your cookies
  • Search history
Southville International School and Colleges
  • Advanced search
  • Recent comments
  • Most popular
  • Libraries

Log in to your account

Log in with GOOGLE


If you do not have an external account, but do have a local account, you can still log in:

  1. Home
  2. MARC view: Fighting the odds :
Normal view MARC view ISBD view

Fighting the odds : (Record no. 341831)

[ view plain ]
MARC details
000 -LEADER
fixed length control field 00528nam a2200217Ia 4500
008 - FIXED-LENGTH DATA ELEMENTS--GENERAL INFORMATION
fixed length control field 170918s9999 xx 000 0 und d
020 ## - INTERNATIONAL STANDARD BOOK NUMBER
International Standard Book Number 9780439686235
050 ## - LIBRARY OF CONGRESS CALL NUMBER
Item number M271 2004
100 ## - MAIN ENTRY--PERSONAL NAME
Personal name Mand, Adrienne
245 ## - TITLE STATEMENT
Title Fighting the odds :
245 ## - TITLE STATEMENT
Remainder of title one kid's battle to save his friend /
245 ## - TITLE STATEMENT
Statement of responsibility, etc Adrienne Mand.
260 ## - PUBLICATION, DISTRIBUTION, ETC. (IMPRINT)
Place of publication, distribution, etc New York :
260 ## - PUBLICATION, DISTRIBUTION, ETC. (IMPRINT)
Name of publisher, distributor, etc Scholastic,
260 ## - PUBLICATION, DISTRIBUTION, ETC. (IMPRINT)
Date of publication, distribution, etc 2004
300 ## - PHYSICAL DESCRIPTION
Extent 26 pages :
300 ## - PHYSICAL DESCRIPTION
Other physical details colored illustration ;
300 ## - PHYSICAL DESCRIPTION
Dimensions 19cm.
440 ## - SERIES STATEMENT/ADDED ENTRY--TITLE
Title Read 180.
500 ## - GENERAL NOTE
General note 610
Holdings
Withdrawn status Lost status Damaged status Home library Current library Date acquired Total Checkouts Full call number Barcode Date last seen Price effective from Koha item type
      Stonyhurst Southville International School (Malarayat) Stonyhurst Southville International School (Malarayat) 09/18/2017   LEX M271 2004 SSISM0903 09/18/2017 09/18/2017 Lexile

Fighting the odds :

APA

Mand A., .Fighting the odds. New York: .

Chicago

Mand Adrienne, .Fighting the odds. New York: .

Harvard

Mand A., .Fighting the odds. New York: .

MLA

Mand Adrienne, .New York: . .

  • Place hold
  • Print
  • Cite
  • Add to your cart (remove)
  • Save record
    BIBTEX Dublin Core MARCXML MARC (non-Unicode/MARC-8) MARC (Unicode/UTF-8) MARC (Unicode/UTF-8, Standard) MODS (XML) RIS
  • More searches
    Search for this title in:
    Other Libraries (WorldCat) Other Databases (Google Scholar) Online Stores (Bookfinder.com) Open Library (openlibrary.org)

Exporting to Dublin Core...

SOUTHVILLE LIBRARY

Southville International School and Colleges Library

1281 Tropical Ave. Cor. Luxembourg St., BF Homes International, Las Pinas City

Tel. No. 8256374 / 252358 Loc. 117/146

Powered by Koha